00830nam a2200229 a 450000100100000000500170001000800410002702000150006804000250008308200150010810000280012324500910015125000110024226000520025330000290030549000120033450400720034650400330041883000190045195201130047099900170058300004091220201002034454.0130911s1998 pr a 000 0 spa d a094023825X aDO-SdBNPbspacBNPHU axxxxbxxxx1 aPicó, Fernando91615810aMil ochocientos noventa y ocho :bLa Guerra después de la guerra /cFernando Picó. a2a ed. aRío Piedras, Puerto Rico :bHuracán,c1998. a215 p. :bil. ;c19 cms.1 aSemilla aIncluye referencias bibliogáficas y notas al pie de las páginas aBibliografías : p. 208-215 0aSemilla967344 001050718MOaGRbGRcHDd2013-09-11iLF1l0oxxxx xxxxp40912-10r2020-06-25w2020-06-25y1ZNo se presta c40402d40402